|
|
|
|
| LEADER |
01582nam a22002777a 4500 |
| 001 |
39607 |
| 003 |
BD-DhAAL |
| 008 |
221016t1995 ii ||||| b||| 001 0 eng d |
| 999 |
|
|
|c 44961
|d 44961
|
| 020 |
|
|
|a 8170741734
|
| 040 |
|
|
|a BD-DhAAL
|c BD-DhAAL
|
| 041 |
|
|
|a ben
|
| 082 |
|
|
|a 306.3620954
|2 23
|
| 100 |
|
|
|a চানানা, দেব রাজ
|9 51846
|
| 245 |
|
|
|a প্রাচীন ভারতে দাসপ্রথা :
|b পালি ও সংস্কৃত রচনায় যেভাবে চিত্রিত /
|c দেব রাজ চানানা ; অনুবাদ জয়তী দত্ত, সম্পাদনা রামকৃষ্ণ ভট্টাচার্য
|
| 246 |
|
|
|a Slavery in ancient India
|
| 260 |
|
|
|a কলকাতা :
|b কে পি বাগচী অ্যান্ড কোম্পানী,
|c ১৯৯৫.
|
| 300 |
|
|
|a ২২১ পৃষ্ঠা ;
|c ২২ সে.মি.
|
| 504 |
|
|
|a গ্রন্থপঞ্জিগত নির্দেশিকা ও নির্ঘণ্ট অন্তর্ভুক্ত।
|
| 541 |
|
|
|a Donated By Akbar Ali Khan
|e 39607
|
| 650 |
|
|
|a Slavery
|z India.
|9 51847
|
| 700 |
|
|
|a দত্ত, জয়তী
|9 51848
|
| 700 |
|
|
|a ভট্টাচার্য, রামকৃষ্ণ
|9 51849
|
| 852 |
|
|
|a Ayesha Abed Library
|c Akbar Ali Khan Collection
|
| 942 |
|
|
|2 ddc
|c BK
|
| 952 |
|
|
|0 0
|1 0
|2 ddc
|4 0
|6 306_362095400000000_CHA
|7 1
|9 72082
|a BRACUL
|b BRACUL
|c AAKC
|d 2022-10-16
|e Donated by Akbar Ali Khan
|l 1
|o 306.3620954 CHA
|p 3010039607
|r 2025-05-12
|s 2025-05-12
|t 1
|w 2022-10-16
|y BK
|